000 00474cam a22001814a 4500
005 20250605164303.0
008 250528s ||||||||||||||||||||||||d
035 _a22158
040 _aGR-AtMCL
_bgre
_dGR-AtMCL
_eAACR2
245 1 _aΣΗΜΕΙΩΣΕΙΣ ΚΑΙ ΑΝΤΙΣΗΜΕΙΩΣΕΙΣ
250 _a2
260 _bΘεωρια,
_c1982
300 _a198
700 1 _aΙονεσκο Ευγενιος
_98024
942 _cBK
999 _c7214
_d7214